000 00435nam a2200181Ia 4500
001 20654
005 20260306172821.0
008 260306t2008||||xx |||||||||||||| ||spa||
041 _aESP
082 _a343.6
_bG23
100 _aGarcía de Enterría, Eduardo [1923-...]
_eAUT
245 0 _aCurso de derecho administrativo
260 _c2008
300 _a
_c24 cm.
650 _aGEN
654 _aCDE
942 _cLIB
_dJUS
_fJUS
_2ddc
_n
999 _c20654
_d20654